Nanosilicon /
Properties of nanosilicon in the form of nanoparticles, nanowires, nanotubes, and as porous material are of great interest. They can be used in finding suitable components for future miniature devices, and for the more exciting possibilities of novel optoelectronic applications due to bright lumines...
| Corporate Author: | |
|---|---|
| Other Authors: | |
| Format: | eBook |
| Language: | English |
| Published: |
Oxford ; Boston :
Elsevier,
2008.
|
| Edition: | 1st ed. |
| Subjects: | |
| Online Access: | Connect to the full text of this electronic book Publisher description |
MARC
| Tag | First Indicator | Second Indicator | Subfields |
|---|---|---|---|
| LEADER | 00000cam a2200000Ia 4500 | ||
| 001 | in00002434021 | ||
| 006 | m d | ||
| 007 | cr cn||||||||| | ||
| 008 | 080516s2008 enka sb 001 0 eng d | ||
| 005 | 20260609193712.7 | ||
| 020 | |a 9780080445281 | ||
| 020 | |a 0080445284 | ||
| 035 | |a (OCoLC)228148212 | ||
| 037 | |a 105518:105546 |b Elsevier Science & Technology |n http://www.sciencedirect.com | ||
| 040 | |a OPELS |c OPELS |d UtOrBLW | ||
| 049 | |a TEFA | ||
| 050 | 1 | 4 | |a QD181.S6 |b N36 2008eb |
| 082 | 0 | 4 | |a 620.193 |2 22 |
| 245 | 0 | 0 | |a Nanosilicon / |c edited by Vijay Kumar. |
| 250 | |a 1st ed. | ||
| 264 | 1 | |a Oxford ; |a Boston : |b Elsevier, |c 2008. | |
| 300 | |a xvi, 368 pages : |b illustrations ; |c 25 cm.. | ||
| 336 | |a text |b txt |2 rdacontent | ||
| 337 | |a computer |b c |2 rdamedia | ||
| 338 | |a online resource |b cr |2 rdacarrier | ||
| 533 | |a Electronic reproduction. |b Amsterdam : |c Elsevier Science & Technology, |d 2008. |n Mode of access: World Wide Web. |n System requirements: Web browser. |n Title from title screen (viewed on May 14, 2008). |n Access may be restricted to users at subscribing institutions. | ||
| 520 | |a Properties of nanosilicon in the form of nanoparticles, nanowires, nanotubes, and as porous material are of great interest. They can be used in finding suitable components for future miniature devices, and for the more exciting possibilities of novel optoelectronic applications due to bright luminescence from porous silicon, nanoparticles and nanowires. New findings from research into metal encapsulated clusters, silicon fullerenes and nanotubes have opened up a new paradigm in nanosilicon research and this could lead to large scale production of nanoparticles with control on size and shape as well as novel quasi one-dimensional structures. There are possibilities of using silicon as an optical material and in the development of a silicon laser. In this book leading experts cover state-of-the-art experimental and theoretical advances in the different forms of nanosilicon. Furthermore, applications of nanosilicon to single electron transistors, as photonic material, chemical and biological sensors at molecular scale, and silicon nanowire devices are also discussed. Self-assemblies of silicon nanoforms are important for applications. These developments are also related to cage structures of silicon in clathrates. With an interesting focus on the bottlenecks in the advancement of silicon based technology, this book provides a much-needed overview of the current state of understanding of nanosilicon research. * Latest developments in nanoparticles, nanowires and nanotubes of silicon * Focus on nanosilicon - a very timely subject attracting large interest * Novel chapters on metal encapsulated silicon clusters and nanotubes. | ||
| 505 | 0 | |a 1. Silicon Nanoparticles: New photonic and electronic material at the transition between solid and molecule (M.H. Nayfeh and L. Mitas) -- 2. Cluster Assembled Silicon Networks (P. Melinon, X. Blase, A. San Miguel and A. Perez) -- 3. Metal Encapsulated Clusters of Silicon - Silicon fullerenes and other caged polyhedral forms (V. Kumar) -- 4. Porous Silicon - Sensors and future applications (S. Lewis and J. Gole) -- 5. Silicon Nanowires and Nanowire Heterostructures (Z. Zhong, C. Yang and C.M. Lieber) -- 6. Theoretical Advances in the Electronic and Atomic Structures of Silicon Nanotubes and Nanowires (A.K. Singh, V. Kumar and Y. Kawazoe) -- 7. Phonons in Silicon Nanowires (H. Gutierrez, K. Adu and P.C. Eklund) -- 8. Quasi-One-Dimensional Silicon Nanostructures (Y. Lin, N. Gonzalez Szwacki and B.I. Yakobson) -- 9. Low Dimensional Silicon as a Photonic Material (N. Daldosso and L. Pavesi) -- 10. Nanosilicon Single-Electron Transistors and Memory (Z.A.K. Durrani and H. Ahmed). | |
| 504 | |a Includes bibliographical references and index. | ||
| 500 | |a Electronic resource. | ||
| 650 | 0 | |a Silicon. | |
| 650 | 0 | |a Nanostructured materials. | |
| 655 | 7 | |a Electronic books. |2 local | |
| 700 | 1 | |a Kumar, Vijay, |d 1951 July 1- | |
| 776 | 1 | |c Original |z 9780080445281 |z 0080445284 |w (DLC) 2007926933 |w (OCoLC)124026747 | |
| 710 | 2 | |a ScienceDirect (Online service) | |
| 856 | 4 | 0 | |u http://proxy.library.tamu.edu/login?url=https://www.sciencedirect.com/science/book/9780080445281 |z Connect to the full text of this electronic book |t 0 |
| 856 | 4 | 2 | |3 Publisher description |u http://www.loc.gov/catdir/enhancements/fy0806/2007926933-d.html |t 0 |
| 994 | |a C0 |b TEF | ||
| 999 | |a MARS | ||
| 999 | f | f | |s 1656cac0-66ea-339e-b796-67257de7cd6a |i 8c781a14-7640-3620-a934-09be15b62b71 |t 0 |
| 952 | f | f | |a Texas A&M University |b College Station |c Electronic Resources |s www_evans |d Available Online |t 0 |e QD181.S6 N36 2008eb |h Library of Congress classification |
| 998 | f | f | |a QD181.S6 N36 2008eb |t 0 |l Available Online |